Un pequeño inconveniente / (Registro nro. 10963)
[ vista simple ]
| 000 -LIDER | |
|---|---|
| fixed length control field | 00734nam a22002537a 4500 |
| 001 - NÚMERO DE CONTROL | |
| Identificador de número de control | 00782 |
| 003 - IDENTIFICACDOR DE NÚMERO DE CONTROL | |
| control field | DO-SdBNP |
| 005 - DATE AND TIME OF LATEST TRANSACTION | |
| control field | 20220930113223.0 |
| 007 - CAMPOS FIJOS DE DESCRIPCIÓN FÍSICA | |
| fixed length control field | 00782 |
| 008 - ELEMENTOS DE LONGITUD FIJA | |
| fixed length control field | 160720b 2007 cl ||||| |||| 00| 0 spa d |
| 020 ## - ISBN | |
| International Standard Book Number | 9789587045901 |
| 040 ## - FUENTE DE CATALOGACIÓN | |
| Agencia que crea de manera original el registro | BPMSU |
| Idioma de catalogación | spa |
| Agencia que realiza la transcripción | BPMSU |
| 082 #4 - NÚMERO DE CLASIFICACIÓN DECIMAL DE DEWEY | |
| Classification number | 823.914 |
| Item number | H127p 2007 |
| Edition number | 22 |
| 100 1# - ASIENTO PRINCIPAL -- NOMBRE PERSONAL | |
| Nombre personal | Haddon, Mark |
| Fechas asociadas con el nombre | 1962- |
| 245 13 - MENCIÓN DE TITULO | |
| Título | Un pequeño inconveniente / |
| Mención de responsabilidad | Mark Haddon ; traducción de Patricia Antón. |
| 260 0# - PUBLICACIÓN, DISTRIBUCIÓN, ETC. (PIE DE IMPRENTA) | |
| Lugar de publicación, distribución, etc | Bogotá : |
| Nombre del editor, distribuidor, etc. | Alfaguara, |
| Fecha de publicación, distribución, etc | 2007 |
| 300 ## - DESCRIPCIÓN FÍSICA | |
| Extensión | 484 p. ; |
| Dimensiones | 24 cm. |
| 590 ## - NOTA LOCAL | |
| Enlace | Inventariado, 2022/VM |
| 650 #4 - ENCABEZAMIENTO DE MATERIA--TEMÁTICO | |
| Término temático o nombre geográfico como elemento de entrada | Novela inglesa |
| 650 #4 - ENCABEZAMIENTO DE MATERIA--TEMÁTICO | |
| Término temático o nombre geográfico como elemento de entrada | Literatura inglesa |
| 700 1# - ASIENTO SECUNDARIO -- NOMBRE PERSONAL | |
| Nombre personal | Antón, Patricia |
| Mención de responsabilidad | trad. |
| 910 ## - VALIDACIÓN | |
| Validación | VMateo V./Validado. Control de calidad MFF |
| 942 ## - ADDED ENTRY ELEMENTS (KOHA) | |
| Source of classification or shelving scheme | Dewey Decimal Classification |
| Koha item type | Libros |
| Withdrawn status | Lost status | Source of classification or shelving scheme | Damaged status | Not for loan | Collection code | Home library | Current library | Date acquired | Source of acquisition | Full call number | Barcode | Date last seen | Copy number | Price effective from | Koha item type |
|---|---|---|---|---|---|---|---|---|---|---|---|---|---|---|---|
| Dewey Decimal Classification | Colección General | Biblioteca Pública Metropolitana Salomé Ureña | Biblioteca Pública Metropolitana Salomé Ureña | 07/20/2016 | ALFAGUARA | BPMSU CG 823.914 H127p 2007 | BPMSU16070564 | 07/20/2016 | e.2 | 07/20/2016 | Libros | ||||
| Dewey Decimal Classification | Colección General | Biblioteca Pública Metropolitana Salomé Ureña | Biblioteca Pública Metropolitana Salomé Ureña | 07/20/2016 | ALFAGUARA | BPMSU CG 823.914 H127p 2007 | BPMSU16070565 | 07/20/2016 | e.2 | 07/20/2016 | Libros | ||||
| Dewey Decimal Classification | Colección General | Biblioteca Pública Metropolitana Salomé Ureña | Biblioteca Pública Metropolitana Salomé Ureña | 07/20/2016 | ALFAGUARA | BPMSU CD 823.914 H127p 2007 | BPMSU16070566 | 07/20/2016 | e.3 | 07/20/2016 | Libros |